| 000 | 00383 a2200157 4500 | ||
|---|---|---|---|
| 003 | Nust | ||
| 005 | 20170207164553.0 | ||
| 020 | _a0-471-43497-3 | ||
| 040 | _cNust | ||
| 245 |
_aCALCULUS EARLY TRANSCENDENTALS (E BOOK) _cHoward Anton |
||
| 250 | _aSeventh Edition | ||
| 260 |
_aUSA _bJohn Wiley & Sons _c2002. |
||
| 300 | _a730p | ||
| 500 | _aE BOOK | ||
| 650 | _aSolutionsManual-Caclculus | ||
| 942 |
_2ddc _cBK |
||
| 999 |
_c209361 _d209361 |
||